[Event "Iarissa Summer 2nd"]
[Site "Iarissa"]
[Date "2008.07.17"]
[Round "6"]
[White "Liakos, Dimitris"]
[Black "Derkos, Dimitrios"]
[Result "1/2-1/2"]
[WhiteElo "2065"]
[BlackElo "1895"]
[PlyCount "116"]
[EventDate "2008.07.08"]
[EventType "tourn"]
[EventRounds "7"]
[EventCountry "GRE"]
[SourceTitle "EXT 2024"]
[Source "ChessBase"]
[SourceDate "2023.10.10"]
[SourceVersion "1"]
[SourceVersionDate "2023.10.10"]
[SourceQuality "1"]

1. Nf3 Nf6 2. g3 g6 3. Bg2 Bg7 4. 0-0 d6 5. c4 e5 6. Nc3 0-0 7. d3 Nh5 8. Rb1 f5 9. Bd2 Nc6 10. b4 a6 11. a4 a5 12. b5 Ne7 13. Qb3 Kh8 14. Nd5 c6 15. Nxe7 Qxe7 16. Bc3 e4 17. Bxg7+ Nxg7 18. Nd4 c5 19. Nc2 b6 20. Rbd1 Bb7 21. Rd2 f4 22. dxe4 Bxe4 23. Bxe4 Qxe4 24. Qd3 Qxd3 25. Rxd3 fxg3 26. Rxd6 gxh2+ 27. Kxh2 Rab8 28. Ne3 Nf5 29. Nxf5 Rxf5 30. f4 Re8 31. Rxb6 Rxe2+ 32. Kg3 Rc2 33. Ra6 Rxc4 34. Rxa5 g5 35. Ra7 gxf4+ 36. Kg4 Rf8 37. Rh1 Rg8+ 38. Kf5 Rg7 39. Ra8+ Rg8 40. Ra7 Rg7 41. Ra8+ Rg8 42. Rxg8+ Kxg8 43. Rg1+ Kf7 44. Ra1 Rb4 45. Ke5 Ke7 46. Kd5 Kd7 47. Kxc5 Rb3 48. Rh1 f3 49. Rxh7+ Ke6 50. Rh6+ Ke7 51. Rh2 Kd7 52. Kb6 Re3 53. Rf2 Kc8 54. a5 Kb8 55. Kc5 Re5+ 56. Kc4 Rf5 57. Kb4 Kb7 58. Kc4 Ka7 1/2-1/2

[Event "Iarissa Summer 2nd"]
[Site "Iarissa"]
[Date "2008.07.15"]
[Round "5"]
[White "Derkos, Dimitrios"]
[Black "Konstantelias, Konstantinos"]
[Result "0-1"]
[WhiteElo "1895"]
[BlackElo "1975"]
[PlyCount "66"]
[EventDate "2008.07.08"]
[EventType "tourn"]
[EventRounds "7"]
[EventCountry "GRE"]
[SourceTitle "EXT 2024"]
[Source "ChessBase"]
[SourceDate "2023.10.10"]
[SourceVersion "1"]
[SourceVersionDate "2023.10.10"]
[SourceQuality "1"]

1. e4 d5 2. exd5 Qxd5 3. Nc3 Qa5 4. d4 c6 5. Nf3 Nf6 6. Ne5 Be6 7. Bc4 Nbd7 8. Bxe6 Nxe5 9. Bb3 Ng6 10. 0-0 e6 11. Qe2 Rd8 12. f4 Be7 13. d5 Nxd5 14. Nxd5 cxd5 15. f5 exf5 16. Rxf5 0-0 17. Be3 Bc5 18. Bxc5 Qxc5+ 19. Kh1 Ne7 20. Rh5 g6 21. Rg5 h6 22. Rg4 Nf5 23. Qd3 Kh7 24. Rf4 Rfe8 25. Rxf5 gxf5 26. Qxf5+ Kg7 27. Rf1 Qe7 28. Bxd5 Rf8 29. Be4 Rh8 30. Bxb7 Qxb7 31. Qf6+ Kh7 32. Qf5+ Kg8 33. Qg4+ Kf8 0-1